Biggest European Cities by Letter P - Statistics

General Stats
  • This quiz has been taken 91 times
  • The average score is 9 of 20
Answer Stats
Country Population Answer % Correct
France 12.405.426 Paris
100%
Czech Republic 2.156.097 Prague
100%
Portugal 1.762.524 Porto
98%
Italy 1.300.000 Palermo
87%
United Kingdom 1.547.000 Portsmouth
70%
United Kingdom 261.546 Plymouth
67%
Bulgaria 404.665 Plovdiv
56%
Russia 991.162 Perm
51%
Poland 551.627 Poznań
45%
Spain 621.000 Palma de Mallorca
37%
Italy 214.125 Padua
33%
Greece 260.308 Patras
29%
United Kingdom 365.000 Preston
28%
United Kingdom 190.461 Peterborough
26%
Russia 522.823 Penza
13%
Romania 266.457 Ploiesti
13%
Ukraine 294.962 Poltava
13%
Russia 203.279 Pskov
13%
Italy 191.104 Prato
9%
Russia 261.987 Petrozavodsk
6%
No matching quizzes found
Score Distribution
Percent of People with Each Score
Percentile by Number Answered
Your Score History
You have not taken this quiz